000 00771nam a2200193Ia 4500
003 GCL
005 20240530110052.0
008 140319s9999 xx 000 0 ara d
040 _aGCL /
_cGCL
082 0 4 _a922.1
_bج ط
100 1 _aالسيوطى : جلال الدين ابوالفضل عبدالرحمن بن ابى بكر بن محمد الخضيرى
245 1 0 _aطبقات الحافظ /
_cالسيوطى : جلال الدين ابوالفضل عبدالرحمن بن ابى بكر بن محمد الخضيرى
260 _a[S.N] :
_bدار الكتب العلمية للنشر والتوزيع ،
_c1983
300 _a607 ص
650 0 4 _aالحديث
650 0 4 _aالاسلام - تراجم
650 0 4 _aالرواه - تراجم
942 _2ddc
_cBK
999 _c58313
_d58313